Hraničářův učeň. Kniha třináctá, Klan Rudé lišky /
Třináctá kniha fantasy série o hraničářském učni a jeho přátelích. Pro starší děti.
Uloženo v:
| Série: | Hraničářův učeň,
část 13 |
|---|---|
| Hlavní autor: | |
| Další autoři: | |
| Médium: | E-kniha |
| Jazyk: | Czech |
| Vydáno: |
V Praze :
Egmont,
2018
|
| Vydání: | První vydání |
| Témata: | |
| Příbuzné jednotky: | Z cyklu::
Hraničářův učeň |
| Tagy: |
Žádné tagy |
| LEADER | 02804nam a2200529 i 4500 | ||
|---|---|---|---|
| 001 | 310993 | ||
| 003 | CZ PrSKC | ||
| 005 | 20260601215658.0 | ||
| 007 | ta | ||
| 008 | 181129s2018 xr c 000 f cze | ||
| 015 | |a cnb003059018 | ||
| 020 | |a 9788025244425 |q (vázáno) : |c Kč 349,00 | ||
| 035 | |a (OCoLC)1081354307 | ||
| 040 | |a OLA001 |b cze |e rda | ||
| 041 | 1 | |a cze |h eng | |
| 072 | 7 | |a 821.111-3 |x Anglická próza, anglicky psaná |2 Konspekt | |
| 072 | 7 | |a 821-93 |x Literatura pro děti a mládež (beletrie) |2 Konspekt | |
| 080 | |a 821.111(94)-31 |2 MRF | ||
| 080 | |a 821-93 |2 MRF | ||
| 080 | |a (0:82-312.9) |2 MRF | ||
| 100 | 1 | |a Flanagan, John |q (John Anthony), |d 1944-2026 |7 xx0081982 |4 aut | |
| 240 | 1 | 0 | |a Red Fox Clan. |l Česky |
| 245 | 1 | 0 | |a Hraničářův učeň. |n Kniha třináctá, |p Klan Rudé lišky / |c John Flanagan ; z anglického originálu Ranger's apprentice: the royal ranger - The Red Fox Clan přeložila Eva Dejmková |
| 246 | 3 | 0 | |a Klan Rudé lišky |
| 250 | |a První vydání | ||
| 264 | 1 | |a V Praze : |b Egmont, |c 2018 | |
| 300 | |a 328 stran ; |c 21 cm | ||
| 336 | |a text |b txt |2 rdacontent | ||
| 337 | |a bez média |b n |2 rdamedia | ||
| 338 | |a svazek |b nc |2 rdacarrier | ||
| 500 | |a Dotisk roku 2021 | ||
| 520 | 2 | |a Třináctá kniha fantasy série o hraničářském učni a jeho přátelích. Pro starší děti. |b Maddie úspěšně ukončila třetí rok svého hraničářského výcviku a je povolána zpět na hrad Araluen. Jednotvárný život na hradě ji však ubíjí, cítí se v něm jako ve vězení a touží z něj uniknout. V okolí se začínají šířit zvěsti, že království hrozí nové nebezpečí. Tajemný klan Rudé lišky útočí na královskou rodinu a zpochybňuje nástupnictví princezny Kasandry a její dcery Maddie na araluenský trůn. Nakladatelská anotace. Kráceno. | |
| 521 | 8 | |a Pro čtenáře od 10 let | |
| 655 | 7 | |a australské romány |7 fd131842 |2 czenas | |
| 655 | 7 | |a fantasy romány |7 fd184199 |2 czenas | |
| 655 | 7 | |a publikace pro mládež |7 fd133157 |2 czenas | |
| 655 | 9 | |a Australian fiction |2 eczenas | |
| 655 | 9 | |a fantasy novels |2 eczenas | |
| 655 | 9 | |a juvenile literature |2 eczenas | |
| 700 | 1 | |a Dejmková, Eva |7 xx0111678 |4 trl | |
| 787 | 0 | 8 | |i Z cyklu: |t Hraničářův učeň |g 13 |
| 900 | |a ABA001 |b 21 | ||
| 928 | 9 | |a Albatros Media - Egmont | |
| 044 | |a xr | ||
| 910 | |a RBIT002 | ||
| 998 | |d 181109 |a https://core.palmknihy.cz/api/books/181109/cover?pkrgly |b https://core.palmknihy.cz/api/books/181109/cover/400?pkrgly |c https://core.palmknihy.cz/api/books/181109/cover/50?pkrgly |e 2028-08-10 |g 328 |i 9788025244425 |j https://core.palmknihy.cz/api/books/181109/preview.epub |k https://core.palmknihy.cz/api/books/181109/preview.pdf |l |q 49 |r 1 |s https://www.palmknihy.cz/kniha/181109 |t ebook |y 2018 |z 0 |v Hraničářův učeň |w 13 | ||
| 999 | |d 310991 | ||